| 000 | 00818nam a22002177a 4500 | ||
|---|---|---|---|
| 999 |
_c12790 _d12790 |
||
| 003 | AR-CdUCM | ||
| 008 | 190410b ||||| |||| 00| 0 spa d | ||
| 040 |
_aMUNICIPALIDAD PROVINCIAL DEL CUSCO _cBIBLIOTECA MUNICIPAL DEL CUSCO |
||
| 082 |
_a985.093 / _bR24 |
||
| 100 |
_aRamos, Rubén _930855 |
||
| 245 | _aVelasco, el pensamiento vivo de la revolución / | ||
| 260 |
_bMimeo, _c1975. |
||
| 300 |
_a258 páginas ; _c29 cm. |
||
| 505 | _aContenido: La revolución peruana -- Las fuerzas armadas y la revolución -- Gobierno, pueblo y fuerza armada -- Desarrollo y revolución -- Reforma agraria ... | ||
| 650 |
_aPolítica económica _91407 |
||
| 650 |
_aReforma agraria _91861 |
||
| 650 |
_aPolítica y gobierno _92693 |
||
| 650 |
_aRevolución peruana _930856 |
||
| 942 |
_2ddc _cLIBROS |
||
| 945 |
_aacv _d2019-04-10 |
||